Posúdenie vplyvu odlesnenia na odtokové procesy v horských povodiach

Saved in:
Bibliographic Details
Main Author: Liová, Anna (Author)
Other Authors: Hlavčová, Kamila (Thesis advisor)
Format: Manuscript Book
Language:Slovak
Published: 2019
Subjects:
Online Access:http://is.stuba.sk/zp/portal_zp.pl?podrobnosti=137322
https://opac.crzp.sk/?fn=detailBiblioForm&sid=C6063C7B07FFACC0404BEB26C0CD
Tags: Add Tag
No Tags, Be the first to tag this record!

MARC

LEADER 00000ntm a22000003a 4500
001 stuzp73819
003 SK-STU
005 20230606161532.5
007 ta
008 150427s2015----xo-----f-mn---000-0-slo-d
040 |a STU  |b slo 
041 0 |a slo 
100 1 |a Liová, Anna  |u 010160  |4 aut  |U SvF Stavebná fakulta  |T SvF Katedra vodného hospodárstva krajiny  |X 87807  |U V160  |Y 16  |7 87807 
242 0 1 |a Estimating effect of deforestation on runoff processes in mountainous catchments  |y eng 
245 1 0 |a Posúdenie vplyvu odlesnenia na odtokové procesy v horských povodiach 
260 |c 2019 
650 4 |a odlesnenie  |2 slo 
650 4 |a hydrologický režim  |2 slo 
650 4 |a metóda CN  |2 slo 
650 4 |a deforestation  |2 eng 
650 4 |a hydrological regime  |2 eng 
650 4 |a CN method  |2 eng 
700 1 |a Hlavčová, Kamila  |u 010160  |k Z1  |4 ths  |U SvF Stavebná fakulta  |T SvF Katedra vodného hospodárstva krajiny  |X 905  |U V160  |Y 16  |7 A000000905 
856 4 |u http://is.stuba.sk/zp/portal_zp.pl?podrobnosti=137322 
856 4 |u https://opac.crzp.sk/?fn=detailBiblioForm&sid=C6063C7B07FFACC0404BEB26C0CD